Заколот атомів (Запис № 426411)

МАРК-запис
000 -Лідер
fixed length control field 00726nam a22002537a 4500
001 - Контрольний номер
control field 46305
003 - Ідентифікатор контрольного номера
control field UA-OsUOA
005 - Дата та час останнього входження (трансакції)
control field 20200122185421.0
007 - Фіксоване поле фізичного опису
fixed length control field ta
008 - Елементи даних фіксованої довжини – загальна інформація
fixed length control field 20120209b un ||||| |||| 00| 0 ukr d
040 ## - Джерело каталогізації
Агенція оригінальної каталогізації UA-OsUOA
Мова каталогізації ukr
Агенція, яка здійснювала перезапис UA-OsUOA
Агенція, яка здійснювала модифікацію UA-OsUOA
041 ## - Код мови
Код мови тексту/ звукової доріжки чи окремого заголовка (П) ukr
080 ## - Індекс Універсальної десяткової класифікації
Індекс Універсальної десяткової класифікації (УДК) (НП) 09.-82
090 ## - Локальний шифр розміщення
Класифікаційний індекс УДК 09.-82
Авторський знак (НП) Е90
100 ## - Основне введення – ім’я особи
Ім’я особи (НП) Ефер В.
245 ## - Відомості про назву
Назва (НП) Заколот атомів
Решта назви (НП) фантастична повість
260 ## - Публікація, розповсюдження і т.п. (Вихідні дані)
Місце публікації, розповсюдження і т.п. (П) На чужині
Дата публікації, розповсюдження і т.п. (П) 1947
300 ## - Фізичний опис
Обсяг 104 с.
650 #7 - Додаткове предметне введення – тематичний термін
Тематичний термін чи географічна назва, як елемент введення (НП) 0 Загальний відділ.
Джерело заголовка чи терміна UDC
942 ## - Додаткові елементи входу (Коха)
Тип елемента Koha Книги
Source of classification or shelving scheme Universal Decimal Classification
955 ## - Код типу видання за змістом
Код типу видання за змістом (НП) Літературно-художні видання
Фонди
Стан вилучень Стан втрат Джерело класифікації або схеми стелажів Стан уражень Не для кредиту Код колекції Постійне місце розташування Поточне розміщення Дата придбання Джерело придбання Вартість, звичайна ціна покупки Інвентарний номер Усього замовленно Повний номер виклику Штрих-код Дата останнього перегляду Ціна ефективна від Тип елемента Koha
    Universal Decimal Classification     Колекція бібліотеки інституту Св. Івана АБ - Абонемент НБ АБ - Абонемент НБ 18/06/2012 48/2012 2.00 139524   821.161.2 Е90 139524 11/02/2022 18/06/2012 Книги
    Universal Decimal Classification     Колекція Зваруна Івана АБ - Абонемент НБ АБ - Абонемент НБ 23/07/2015     50907   821.161.2 Е90 50907 06/02/2022 09/11/2012 Книги
Withdrawn   Universal Decimal Classification       АБ - Абонемент НБ АБ - Абонемент НБ 09/11/2012     58471   821.161.2 Е90 58471 13/07/2019 09/11/2012 Книги
Withdrawn   Universal Decimal Classification       АБ - Абонемент НБ АБ - Абонемент НБ 09/11/2012     58472   821.161.2 Е90 58472 13/07/2019 09/11/2012 Книги
Withdrawn   Universal Decimal Classification       АБ - Абонемент НБ АБ - Абонемент НБ 09/11/2012     58473   821.161.2 Е90 58473 13/07/2019 09/11/2012 Книги
Withdrawn   Universal Decimal Classification       АБ - Абонемент НБ АБ - Абонемент НБ 09/11/2012     58474   821.161.2 Е90 58474 13/07/2019 09/11/2012 Книги
    Universal Decimal Classification       Наукова бібліотека ІДУД Наукова бібліотека ІДУД 09/02/2012 251/2011 1.00 2132841   09.-82 Е90 2132841 14/09/2019 09/02/2012 Книги
    Universal Decimal Classification       Наукова бібліотека ІДУД Наукова бібліотека ІДУД 26/05/2015 310/2014 1.00 2137736   09.-82-3 Е90 2137736 15/09/2019 26/05/2015 Книги
    Universal Decimal Classification     Колекція Центру дослідження імміграційної історії Міннесотського університету Наукова бібліотека ІДУД Наукова бібліотека ІДУД 16/07/2015 322/2015 1.00 2138182   09-82-3 Е90 2138182 15/09/2019 16/07/2015 Книги